000 00374nam a22001457a 4500
999 _c5975
_d5973
005 20210827145009.0
008 190910b xxu||||| |||| 00| 0 eng d
020 _a81-256-0092-2
041 _aeng
100 _aSIDDIQUI,Dr. ABEES AHNAD & OTHERS
_96792
245 _aBIOCHEMISTRY AND CLINICAL PATHOLOGY
260 _aTARA PUBLISHERS
_bDELHI
300 _a154p,
942 _cBK